|
|
|
|
| LEADER |
02280nam a2200445 a 4500 |
| 001 |
EBC3414895 |
| 003 |
MiAaPQ |
| 005 |
20200520144314.0 |
| 006 |
m o d | |
| 007 |
cr cn||||||||| |
| 008 |
090515s2010 miua sb 001 0 eng |
| 010 |
|
|
|z 2009018640
|
| 020 |
|
|
|z 9780472070558 (cloth : alk. paper)
|
| 020 |
|
|
|z 047207055X (cloth : alk. paper)
|
| 035 |
|
|
|a (MiAaPQ)EBC3414895
|
| 035 |
|
|
|a (Au-PeEL)EBL3414895
|
| 035 |
|
|
|a (CaPaEBR)ebr10395635
|
| 035 |
|
|
|a (CaONFJC)MIL264458
|
| 035 |
|
|
|a (OCoLC)649914297
|
| 040 |
|
|
|a MiAaPQ
|c MiAaPQ
|d MiAaPQ
|
| 043 |
|
|
|a n-us---
|
| 050 |
|
4 |
|a HD6073.S582
|b U67 2010
|
| 082 |
0 |
4 |
|a 305.38/9623097309034
|2 22
|
| 100 |
1 |
|
|a Srole, Carole,
|d 1948-
|
| 245 |
1 |
0 |
|a Transcribing class and gender
|h [electronic resource] :
|b masculinity and femininity in nineteenth-century courts and offices /
|c Carole Srole.
|
| 260 |
|
|
|a Ann Arbor :
|b University of Michigan Press,
|c c2010.
|
| 300 |
|
|
|a viii, 324 p. :
|b ill.
|
| 490 |
1 |
|
|a Class, culture
|
| 504 |
|
|
|a Includes bibliographical references and index.
|
| 505 |
0 |
|
|a Performing independence : male clerks, bookkeepers, and stenographers from 1820 to 1870 -- Treasury girls and the masses : from degraded women workers to employees -- Stepping-stones and short ladders : men's faltering independence -- The male stenographers' solution : the language of professionalism -- Typewriter girls and lady stenographers : the challenges of respectability -- "My fondest hopes will have been realized" : independence, ambition, and the new woman -- Performances of professionalism.
|
| 533 |
|
|
|a Electronic reproduction. Ann Arbor, MI : ProQuest, 2015. Available via World Wide Web. Access may be limited to ProQuest affiliated libraries.
|
| 650 |
|
0 |
|a Working class women
|z United States
|x History
|y 19th century.
|
| 650 |
|
0 |
|a Stenographers
|z United States
|x History
|y 19th century.
|
| 650 |
|
0 |
|a Masculinity
|z United States
|x History
|y 19th century.
|
| 650 |
|
0 |
|a Femininity
|z United States
|x History
|y 19th century.
|
| 650 |
|
0 |
|a Social classes
|z United States
|x History
|y 19th century.
|
| 655 |
|
4 |
|a Electronic books.
|
| 710 |
2 |
|
|a ProQuest (Firm)
|
| 830 |
|
0 |
|a Class, culture.
|
| 856 |
4 |
0 |
|u https://ebookcentral.proquest.com/lib/matrademy/detail.action?docID=3414895
|z Click to View
|